Aladdin - A Whole New World (All Lyrics) - Statistics

General Stats
  • This quiz has been taken 605 times
    602 since last reset
  • The average score is 158 of 208
Answer Stats
Answer % Correct
world
100%
I
99%
you
99%
a
98%
A
98%
whole
98%
new
97%
show
97%
the
97%
can
96%
me,
94%
me
94%
your
93%
On
92%
when
92%
Tell
91%
tell
91%
to
91%
No
90%
no
90%
princess,
89%
where
89%
an
88%
let
88%
Let
88%
heart
87%
of
87%
us
87%
carpet
86%
eyes
86%
go
86%
magic
86%
and
85%
did
85%
one
85%
point
85%
ride
85%
Shining,
85%
view
85%
by
84%
decide?
84%
now
84%
Now
84%
Or
84%
with
84%
With
84%
wonder
84%
last
83%
open
83%
it
82%
shimmering,
82%
Take
82%
fantastic
81%
I'm
81%
in
81%
place
80%
splendid
80%
It's
78%
dreaming
76%
never
76%
only
76%
up
76%
clear
75%
crystal
75%
here
75%
we're
75%
say
74%
Over,
73%
That
73%
under
73%
way
73%
knew
72%
sideways
70%
be
69%
so
69%
feeling
67%
dazzling
65%
But
63%
Unbelievable
63%
close
62%
sky
62%
Don't
61%
dare
60%
sights
59%
Indescribable
58%
For
56%
endless
54%
see
54%
Soaring,
51%
diamond
50%
star
50%
tumbling,
50%
this
48%
Through
47%
I've
46%
freewheeling
45%
like
45%
shooting
45%
come
44%
far
44%
can't
43%
share
42%
back
40%
used
40%
Every
37%
we'll
36%
That's
35%
better
32%
things
32%
thousand
32%
chase
31%
hundred
31%
time
31%
gets
30%
horizons
30%
I'll
30%
surprise
30%
thrilling
30%
turn
29%
Hold
28%
moment
28%
breath
27%
wondrous
27%
anywhere
26%
spare
25%
them
25%
letter
24%
There's
24%
red
23%
pursue
18%
No matching quizzes found
Score Distribution
Percent of People with Each Score
Percentile by Number Answered
Your Score History
You have not taken this quiz since the last reset